[Event "TCh-NED 2005-6"]
[Site "Netherlands NED"]
[Date "2006.02.04"]
[Round "6"]
[White "Wiersma,E"]
[Black "Ligterink,G"]
[Result "1-0"]
[WhiteElo "2409"]
[BlackElo "2418"]

1.e4 c5 2.Nf3 e6 3.d4 cxd4 4.Nxd4 Nc6 5.Nc3 d6 6.g4 Nge7 7.Nb3 a6 8.Be3 b5
9.f4 Bb7 10.Qd2 Na5 11.Nxa5 Qxa5 12.Bg2 b4 13.Ne2 Nc6 14.O-O Rd8 15.f5 exf5
16.exf5 d5 17.Nd4 Bd6 18.Nxc6 Bxc6 19.Bd4 O-O 20.f6 Rfe8 21.fxg7 Qc7 22.Rf5 Bxh2+
23.Kh1 Be5 24.Qxb4 Bxd4 25.Qxd4 Re6 26.Raf1 Rde8 27.g5 R8e7 28.Rf6 Re4 29.Bxe4 Rxe4
30.Qf2 d4 31.Rxc6  1-0

[Event "TCh-NED 2005-6"]
[Site "Netherlands NED"]
[Date "2006.02.04"]
[Round "6"]
[White "Van der Weide,K"]
[Black "Goormachtigh,J"]
[Result "1/2-1/2"]
[WhiteElo "2466"]
[BlackElo "2231"]

1.e4 c5 2.Nf3 e6 3.d4 cxd4 4.Nxd4 Nc6 5.Nc3 Qc7 6.Be3 a6 7.Bd3 Nf6 8.Qe2 Bd6
9.O-O-O Bf4 10.Nxc6 dxc6 11.Bxf4 Qxf4+ 12.Rd2 e5 13.g3 Qh6 14.f4 exf4 15.gxf4 Qxf4
16.e5 Ng4 17.h3 Ne3 18.Re1 Nd5 19.Nxd5 cxd5 20.Qg2 O-O 21.Qxd5 Rb8 22.Qe4 Qxe4
23.Bxe4 Be6 24.Re3 Rfc8 25.b3 g6 26.Kb2 Rc5  1/2-1/2

[Event "TCh-NED 2005-6"]
[Site "Netherlands NED"]
[Date "2006.02.04"]
[Round "6"]
[White "Stellwagen,D"]
[Black "Kabatianski,A"]
[Result "1/2-1/2"]
[WhiteElo "2573"]
[BlackElo "2436"]

1.e4 c5 2.Nf3 e6 3.d4 cxd4 4.Nxd4 Nc6 5.Nc3 Qc7 6.Be2 Nf6 7.O-O Be7 8.Be3 O-O
9.f4 d6 10.Qe1 Nxd4 11.Bxd4 e5 12.Be3 exf4 13.Bxf4 Be6 14.Qg3 Nd7 15.Bh6 Qc5+
16.Kh1 Qe5 17.Bf4 Qc5 18.Bg4 Ne5 19.Bxe6 fxe6 20.Bxe5 dxe5 21.h3 b5 22.a3 a6
23.Rad1 g6 24.Qd3 Rfd8 25.Qe2 Rd4 26.Rd3 Rxd3 27.Qxd3 Rd8 28.Qe2 Qc6 29.Qg4 Kg7
30.Ne2 h5 31.Qg3 Qxe4 32.Nc3 Qd4 33.Re1 Rf8 34.Rd1 Qf4 35.Qe1 Bc5 36.Ne4 Be3
37.Nd6 h4 38.Qe2 e4 39.c4 Qf2 40.Qxf2 Rxf2 41.cxb5 axb5 42.b4 Ra2 43.Nxe4 Rxa3
44.Nd6 Rb3 45.Nxb5 Rxb4 46.Nc3 Rc4 47.Rd3 Bd4 48.Ne2 e5 49.g3 hxg3 50.Nxg3 Kf7
51.Ne4 Ke6 52.Kg2 Rc1 53.Ra3 Kd5 54.Nf6+ Kc4 55.Ne4 Rg1+ 56.Kf3 Rf1+ 57.Kg2 Rf4
58.Nd2+ Kd5 59.Ra5+ Bc5 60.Nb3 Rc4 61.Nxc5 Rxc5 62.Ra8 Ke4 63.Kg3 Kd3 64.Ra6 g5
65.Ra3+ Rc3 66.Ra5 e4 67.Rxg5 Kd2+ 68.Kf4 e3 69.Rd5+ Rd3 70.Re5 e2 71.h4 e1=Q
72.Rxe1 Kxe1 73.h5 Ke2 74.h6 Rd5 75.Kg4  1/2-1/2

[Event "ch-GER"]
[Site "Osterburg GER"]
[Date "2006.02.04"]
[Round "2"]
[White "Heinemann,T"]
[Black "Holzschuh,S"]
[Result "1-0"]
[WhiteElo "2443"]
[BlackElo "2257"]

1.e4 c5 2.Nf3 e6 3.d4 cxd4 4.Nxd4 Nc6 5.Nc3 Qc7 6.Be3 a6 7.Nxc6 Qxc6 8.Bd3 b5
9.O-O Bb7 10.Qe2 Nf6 11.f3 b4 12.Nb1 d5 13.e5 Nd7 14.Bf2 Bc5 15.Nd2 Bxf2+
16.Rxf2 Nc5 17.a3 Nxd3 18.Qxd3 a5 19.axb4 axb4 20.Rxa8+ Bxa8 21.Nb3 O-O 22.Nd4 Qb6
23.Qe3 Rc8 24.Rd2 Qa5 25.Rd1 Bb7 26.f4 Qb6 27.h3 Rc4 28.Kh2 h6 29.Qf2 Qc5
30.Qd2 Ba6 31.Kh1 Kh7 32.Qd3+ g6 33.b3 Rxd4 34.Qxd4 Qxc2 35.Ra1 Bd3 36.Qa7 Kg7
37.Qe7 Qc8 38.Qf6+ Kg8 39.Ra7 Qe8 40.Re7 Qf8 41.Rd7  1-0

[Event "Open"]
[Site "Moscow RUS"]
[Date "2006.02.05"]
[Round "8"]
[White "Novikov,St"]
[Black "Gagarin,V"]
[Result "1-0"]
[WhiteElo "2520"]
[BlackElo "2422"]

1.e4 c5 2.Nf3 e6 3.d4 cxd4 4.Nxd4 Nc6 5.Nc3 Qc7 6.Be2 Nf6 7.O-O Be7 8.Kh1 O-O
9.Be3 d6 10.f4 Nxd4 11.Bxd4 e5 12.Be3 exf4 13.Bxf4 Be6 14.Qd3 a6 15.Qg3 Rad8
16.Rad1 Qc5 17.Rd2 Rfe8 18.Bh6 g6 19.Be3 Qe5 20.Bf4 Qc5 21.Bf3 b5 22.a3 b4
23.axb4 Qxb4 24.Rb1 Rd7 25.Bg5 Rc8 26.Rd3 Rdc7 27.Rdd1 Qc5 28.Qh4 Ng4 29.Bxg4 Bxg5
30.Qg3 Bf6 31.Bxe6 fxe6 32.Rd3 Rb8 33.Rf1 Qe5 34.Qf2 Rxb2  1-0

[Event "Open"]
[Site "Moscow RUS"]
[Date "2006.02.05"]
[Round "8"]
[White "Kornev,Alexei"]
[Black "Chebotarev,O"]
[Result "0-1"]
[WhiteElo "2570"]
[BlackElo "2494"]

1.e4 c5 2.Nf3 e6 3.d4 cxd4 4.Nxd4 Nc6 5.Nc3 a6 6.g3 Qc7 7.Bg2 Nf6 8.O-O Be7
9.Re1 Nxd4 10.Qxd4 Bc5 11.Qd1 d6 12.Be3 Bxe3 13.Rxe3 Bd7 14.Rd3 Ke7 15.Qd2 Bc6
16.Rd1 Rhd8 17.b4 h6 18.a4 Ng4 19.Rd4 Be8 20.Qe1 Rac8 21.Nd5+ exd5 22.exd5+ Kf8
23.Rxg4 Bxa4 24.Rc1 Bxc2 25.Rf4 Qd7 26.Qd2 Bf5 27.Rxc8 Rxc8 28.h4 Kg8 29.h5 Bg4
30.Be4 Re8 31.Qd3 Bxh5 32.Bh7+ Kh8 33.Bf5 Qb5 34.Qxb5 axb5 35.g4 Bg6 36.Bxg6 fxg6
37.Rf7 Re5 38.Rxb7 Rxd5 39.Kg2 Rd4 40.Rxb5 Rxg4+  0-1

[Event "Young Masters"]
[Site "Cuernavaca MEX"]
[Date "2006.02.06"]
[Round "4"]
[White "Ponomariov,R"]
[Black "Volokitin,And"]
[Result "1-0"]
[WhiteElo "2723"]
[BlackElo "2665"]

1.e4 c5 2.Nf3 e6 3.d4 cxd4 4.Nxd4 Nc6 5.Nc3 a6 6.Be3 Nf6 7.a3 d6 8.f4 Be7
9.Qf3 O-O 10.O-O-O Qc7 11.Rg1 Nxd4 12.Rxd4 b5 13.g4 d5 14.exd5 Bb7 15.Bd3 Nxd5
16.Nxd5 Bxd5 17.Qh3 g6 18.f5 Bf6 19.Rb4 Be5 20.Rf1 a5 21.Rxb5 Rfb8 22.fxe6 Bxe6
23.a4 Rxb5 24.axb5 Bd5 25.b6 Qc6 26.Qh4 a4 27.Qe7 Bxb2+ 28.Kxb2 a3+ 29.Kc1 a2
30.Kd2 Be6 31.Qf6 Qg2+ 32.Rf2 a1=Q 33.Qxa1 Qxf2+ 34.Bxf2 Rxa1 35.b7 Rb1 36.Be4 Bxg4
37.Bg3 Bf5 38.Bh1 Rxh1 39.b8=Q+ Kg7 40.Qe5+ Kh6 41.Qe3+ Kg7 42.Qe5+ Kh6 43.Qf6 Rg1  1-0

[Event "3rd ch-Mediterranean"]
[Site "Antalya TUR"]
[Date "2006.02.07"]
[Round "9"]
[White "Lamoureux,I"]
[Black "Mohammad,Sa"]
[Result "1/2-1/2"]
[WhiteElo "2033"]
[BlackElo "2320"]

1.e4 c5 2.Nf3 e6 3.d4 cxd4 4.Nxd4 Nc6 5.Nc3 Qc7 6.Be3 a6 7.a3 Nf6 8.f4 d6
9.Be2 Be7 10.Qd2 O-O 11.O-O-O b5 12.Nxc6 Qxc6 13.e5 dxe5 14.fxe5 Nd5 15.Nxd5 exd5
16.Qxd5 Qxd5 17.Rxd5 Be6 18.Rd2 Rac8 19.Kb1 Bc5 20.Bg5 h6 21.Bh4 Rfe8 22.Bg3 g6
23.Rhd1  1/2-1/2

[Event "FSIMA February"]
[Site "Budapest HUN"]
[Date "2006.02.08"]
[Round "5"]
[White "Hardarson,R"]
[Black "Bednay,B"]
[Result "1-0"]
[WhiteElo "2369"]
[BlackElo "2231"]

1.e4 c5 2.Nf3 Nc6 3.d4 cxd4 4.Nxd4 e6 5.Nc3 Qc7 6.f4 a6 7.Nf3 Bc5 8.Bd3 b5
9.Qe2 Nd4 10.Nxd4 Bxd4 11.Bd2 Ne7 12.e5 Bxc3 13.Bxc3 Bb7 14.O-O-O Nd5 15.Bd2 b4
16.Kb1 Qb6 17.Ka1 a5 18.f5 a4 19.Qg4 a3 20.fxe6 axb2+ 21.Kxb2 dxe6 22.Qxg7 Rf8
23.Qg4 Kd7 24.Bc4 h5 25.Qh4 Rg8 26.Bb3 Rxg2 27.Bxb4 Rg4 28.Qe7+ Kc8 29.Qe8+ Qd8
30.Qxd8+ Kxd8 31.Bc5 Ke8 32.Rhg1 f5 33.exf6 Kf7 34.Bd4 Rag8 35.Rgf1 Rg2 36.Be5 Re2
37.Rde1 Rgg2 38.Rxe2 Rxe2 39.Bg3 Re3 40.Re1 Rxe1 41.Bxe1 Nxf6 42.c4 Ng4 43.Bg3 e5
44.Kc3 Kf6 45.h4 Kf5 46.Bc2+ e4 47.Kd4 Nf6 48.a4 Kg4 49.Be5 Nd7 50.Bxe4 Bxe4
51.Kxe4 Kxh4 52.Bd4 Kg3 53.c5  1-0

[Event "Aeroflot Open"]
[Site "Moscow RUS"]
[Date "2006.02.08"]
[Round "1"]
[White "Naiditsch,A"]
[Black "Ganguly,S"]
[Result "1-0"]
[WhiteElo "2657"]
[BlackElo "2579"]

1.e4 c5 2.Nf3 e6 3.d4 cxd4 4.Nxd4 Nc6 5.Nc3 Qc7 6.Be3 a6 7.Qd2 Nf6 8.f3 Bb4
9.a3 Ba5 10.Nb3 Bb6 11.Bxb6 Qxb6 12.O-O-O Qc7 13.g4 b5 14.h4 Ne5 15.Nd4 Rb8
16.h5 d6 17.Qg5 Rg8 18.h6 b4 19.axb4 Rxb4 20.Bb5+ axb5 21.Ndxb5 Rxb5 22.Nxb5 Qa5
23.Nxd6+ Ke7 24.Kb1 gxh6 25.Qxh6 Ba6 26.g5 Nfd7 27.Nf5+ exf5 28.Qd6+ Ke8
29.Rd5 Qd8 30.Rhd1  1-0

[Event "ch-UKR b-20"]
[Site "Lviv UKR"]
[Date "2006.02.09"]
[Round "8"]
[White "Vovk,A"]
[Black "Oleksienko,M"]
[Result "1/2-1/2"]
[WhiteElo "2325"]
[BlackElo "2509"]

1.e4 c5 2.Nf3 e6 3.d4 cxd4 4.Nxd4 Nc6 5.Nc3 Qc7 6.Be3 a6 7.Bd3 Nf6 8.O-O Ne5
9.h3 Bc5 10.Qe2 d6 11.Nb3 Bxe3 12.Qxe3 O-O 13.Rae1 b5 14.f4 Ng6 15.a3 Bb7
16.f5 exf5 17.Rxf5 Rae8 18.Qf2 Nd7 19.Nd5 Bxd5 20.Rxd5 Nge5 21.Bf1 Rc8 22.c3 Nc5
23.Nd2 Rfe8 24.Nf3 Ned7 25.Nd2 Nf6 26.Rd4 Qc6 27.c4 Ncxe4 28.Nxe4 Rxe4 29.cxb5 axb5
30.Rdxe4 Nxe4 31.Bxb5 Qd5 32.Qe3 f5 33.Bd3 Re8 34.Bxe4 fxe4 35.b4 Qe5 36.Rd1 d5
37.b5 Rd8 38.Rd4 Kf7 39.b6 Ke6 40.b7 Rb8 41.Rb4 Kd7 42.Rb5 Qa1+ 43.Kh2 Qe5+
44.Kg1 Qa1+ 45.Kh2 Qe5+ 46.Kg1  1/2-1/2

[Event "ch-GER"]
[Site "Osterburg GER"]
[Date "2006.02.09"]
[Round "7"]
[White "Stolz,M"]
[Black "Holzschuh,S"]
[Result "1-0"]
[WhiteElo "2385"]
[BlackElo "2257"]

1.e4 c5 2.Nf3 Nc6 3.d4 cxd4 4.Nxd4 e6 5.Nc3 Qc7 6.Be2 a6 7.O-O Nf6 8.Be3 Bb4
9.Nxc6 Bxc3 10.Na7 Bxb2 11.Rb1 Ba3 12.c4 O-O 13.e5 Qxe5 14.Bd4 Qc7 15.Bxf6 gxf6
16.Rb3 Rxa7 17.Rxa3 Qe5 18.Re3 Qf4 19.Rf3 Qe5 20.Re3 Qf4 21.c5 f5 22.Qa1 f6
23.Rd1 e5 24.Rd6 Qb4 25.Qc1 f4 26.Rb3 Qa4 27.Rh3 Qb4 28.Bd3 f5 29.Rdh6 d5
30.Rxh7 Be6 31.Qd1 Rf7 32.Rh8+ Kg7 33.Qh5 Kf6 34.Qh4+  1-0

[Event "SFch-NED"]
[Site "Hilversum NED"]
[Date "2006.02.11"]
[Round "1.1"]
[White "Solleveld,Maa"]
[Black "Michielsen,J"]
[Result "1/2-1/2"]
[WhiteElo "2463"]
[BlackElo "2352"]

1.e4 c5 2.Nf3 e6 3.d4 cxd4 4.Nxd4 Nc6 5.Nc3 Qc7 6.f4 a6 7.Nxc6 Qxc6 8.Be2 b5
9.Bf3 Bb7 10.e5 Qc7 11.Be3 Nh6 12.O-O Rc8 13.Bxb7 Qxb7 14.Qd3 Nf5 15.Bf2 h5
16.Ne4 Rc4 17.Rfe1 Be7 18.Rad1 O-O 19.Re2 Rd8 20.b3 Rc6 21.Qf3 Qc7 22.Qxh5 Rxc2
23.Qf3 d5 24.exd6 Nxd6 25.Ng3 Rxe2 26.Qxe2 Nf5 27.Rxd8+  1/2-1/2

[Event "TCh-HUN 2005-6"]
[Site "Hungary HUN"]
[Date "2006.02.12"]
[Round "7"]
[White "Nevednichy,V"]
[Black "Medvegy,Z"]
[Result "1/2-1/2"]
[WhiteElo "2581"]
[BlackElo "2478"]

1.e4 c5 2.Nf3 e6 3.Nc3 Nc6 4.d4 cxd4 5.Nxd4 Nf6 6.a3 d6 7.Bc4 Be7 8.O-O O-O
9.Ba2 d5 10.exd5 Nxd5 11.Nxd5 exd5 12.Be3 Bf6 13.c3 Ne5 14.Qe2 Nc4 15.Bxc4 dxc4
16.Qxc4 Bxd4 17.Bxd4 Re8 18.Rfe1 Bd7 19.Qd5 Bc6 20.Rxe8+ Qxe8 21.Qg5 Qf8
22.Qc5 Qxc5 23.Bxc5 Ba4 24.Rb1 b6 25.Bd4 Re8 26.h4 Bb3 27.Kh2 Re2 28.Kg3 f6
29.h5 Kf7 30.Be3 Bc2 31.Rh1 Bb3 32.Bc1 a5 33.Rh4 Rc2 34.Be3 b5 35.Bb6 a4
36.Rd4 Be6 37.Rd8 Rxb2 38.Bc5 Bc4 39.Rd7+ Kg8 40.f4 Re2 41.Rd8+ Kf7 42.f5 Re8
43.Rd7+ Kg8 44.h6 gxh6 45.Be7 Kg7 46.Bd8+ Bf7 47.Rd6 Kf8 48.Bxf6 h5 49.Kf3 Re1
50.Bd4 Rf1+ 51.Ke4 Bb3 52.f6 Re1+ 53.Kf4 h4 54.Rd7 Bf7 55.Rd8+ Re8 56.Bc5+ Kg8
57.Rd7 Re2 58.Kf3 Bh5+ 59.g4 hxg3 60.Kxg3 Bf7 61.Rb7 h5 62.Rxb5 Re4 63.Bd4 Rg4+
64.Kh3 Be6 65.Kh2 Rh4+ 66.Kg3 Rg4+ 67.Kf3 h4 68.Rb8+ Kf7 69.Rb7+ Kg6 70.Rg7+ Kh5
71.Re7 Bd5+ 72.Ke3 Rg3+ 73.Kf4 Rf3+ 74.Ke5 Bb3 75.Rh7+ Kg4 76.Rg7+ Kh5 77.Kd6 h3
78.Be5 Rd3+ 79.Kc6 Re3 80.Kd6 Rd3+ 81.Bd4 Rf3 82.Ke5 Kh4 83.Rh7+ Kg3 84.Rg7+ Kh4
85.Ke4 Rf1 86.Ke3 Rf5 87.Rh7+ Kg3 88.Rg7+ Kh4 89.Rh7+ Kg3 90.Rg7+  1/2-1/2

[Event "Aeroflot Open"]
[Site "Moscow RUS"]
[Date "2006.02.13"]
[Round "6"]
[White "Timofeev,Arty"]
[Black "Kharlov,A"]
[Result "1-0"]
[WhiteElo "2653"]
[BlackElo "2558"]

1.e4 c5 2.Nf3 Nc6 3.d4 cxd4 4.Nxd4 e6 5.Nc3 d6 6.Be3 Nf6 7.Be2 Be7 8.Qd2 a6
9.f4 O-O 10.O-O-O Qc7 11.g4 Nxd4 12.Qxd4 e5 13.Qd3 Bxg4 14.Bxg4 Nxg4 15.Nd5 Qd7
16.f5 Nxe3 17.Qxe3 Qd8 18.Rhg1 Kh8 19.Rdf1 Bh4 20.Rg4 Rg8 21.Rf3 g5 22.f6 Rg6
23.Qb3 Qd7 24.h3 Rf8 25.Rf5 Re8 26.Ne7 Rxf6 27.Rxf6 Rxe7 28.Rg1 Kg7 29.Rgf1 g4
30.R6f5 h6 31.hxg4 Bg5+ 32.Kb1 Bf4 33.Qc3 Qc6 34.Qxc6 bxc6 35.Rd1 Re6 36.b4 Rg6
37.Kb2 Be3 38.Kb3 Bd4 39.Rd3 Kf8 40.Rdf3 Rg7 41.a4 Ke7 42.c3 Bb6 43.a5 Bc7
44.Rf6 Bb8 45.c4 Ba7 46.b5 cxb5 47.cxb5 axb5 48.Kb4 d5 49.exd5 e4 50.d6+ Ke8
51.R3f4 e3 52.Re4+ Kd8 53.Kxb5 Rg5+ 54.Ka6 Bc5 55.Kb7 e2 56.Rxe2 Rxg4 57.Kc6 Bg1
58.Rxf7 Rc4+ 59.Kd5  1-0

[Event "Aeroflot Open"]
[Site "Moscow RUS"]
[Date "2006.02.14"]
[Round "7"]
[White "Kosintseva,T"]
[Black "Landa,K"]
[Result "1/2-1/2"]
[WhiteElo "2479"]
[BlackElo "2597"]

1.e4 c5 2.Nf3 e6 3.d4 cxd4 4.Nxd4 Nc6 5.Nc3 Qc7 6.Be3 a6 7.Be2 Nf6 8.O-O Bb4
9.Na4 Be7 10.Nxc6 bxc6 11.Nb6 Rb8 12.Nxc8 Qxc8 13.Bd4 c5 14.Be5 Rb6 15.a4 d6
16.Bc3 Nxe4 17.Bxg7 Rg8 18.a5 Rb8 19.Bh6 c4 20.Bf3 Ng5 21.Bxg5 Rxg5 22.b3 Qc5
23.Ra4 Rb4 24.Rxb4 Qxb4 25.Qd4 Re5 26.g3 Qc5 27.Qg4 Bd8 28.bxc4 Bxa5 29.Qg8+ Ke7
30.Qa8 Qxc4 31.Bc6 d5 32.Qe8+ Kd6 33.Qd7+ Kc5 34.Ba4 Re1 35.Qa7+ Kd6 36.Qb8+ Qc7
37.Qf8+ Ke5 38.Qg7+ Kd6 39.Qf8+ Qe7 40.Qb8+ Qc7 41.Qf8+ Qe7 42.Qa8 Rxf1+
43.Kxf1 Qc7 44.Qxa6+ Bb6 45.Qb5 Ke5 46.Qe2+ Kf6 47.Bb5 Qc5 48.Bd3 h6 49.Qf3+ Ke7
50.Kg2 Qd4 51.Qf4 e5 52.Qxd4 Bxd4 53.f3 Bc3 54.Kf2 Ke6 55.g4 Kd6 56.Ke2 Kc5
57.Bh7 Kd4 58.Bg8 f6 59.Bh7 Bb2 60.h4 Bc1 61.h5 Kc3 62.Bg8 Kd4 63.Bh7 Bf4
64.Bg6 e4 65.fxe4 dxe4 66.Bf5 Bg5 67.Bg6  1/2-1/2

[Event "Bundesliga 2005-6"]
[Site "Koelln GER"]
[Date "2006.02.19"]
[Round "11"]
[White "Kasimdzhanov,R"]
[Black "Volokitin,And"]
[Result "1/2-1/2"]
[WhiteElo "2670"]
[BlackElo "2665"]

1.e4 c5 2.Nf3 e6 3.d4 cxd4 4.Nxd4 Nc6 5.Nc3 a6 6.Be2 Qc7 7.O-O Nf6 8.Be3 Be7
9.f4 d6 10.a4 O-O 11.Kh1 Re8 12.Bd3 Bd7 13.Qf3 Rac8 14.Rae1 Nb4 15.Qg3 Nh5
16.Qf3 Nf6 17.Bf2 e5 18.Nf5 Bxf5 19.exf5 exf4 20.Qxf4 d5 21.Qf3 Nxd3 22.cxd3 Qa5
23.g4 h6 24.h4 Qb4 25.g5 hxg5 26.hxg5 Qg4 27.Qxg4 Nxg4 28.Bd4 Bd6 29.Rxe8+ Rxe8
30.Rg1 Nh2 31.Kg2 Ng4 32.Nxd5 Rd8 33.Bb6 Rd7 34.Kf3 Bh2 35.Rh1 Rxd5 36.Kxg4 Bd6
37.d4 g6 38.f6 Rf5 39.Re1 Bf4 40.Kh4 Bxg5+ 41.Kg4  1/2-1/2

[Event "Gran Abierto Mexicano"]
[Site "Morelia MEX"]
[Date "2006.02.19"]
[Round "6"]
[White "Abreu,A"]
[Black "Hernandez,Ya"]
[Result "1-0"]
[WhiteElo "2471"]
[BlackElo "2207"]

1.e4 c5 2.Nf3 e6 3.d4 cxd4 4.Nxd4 Nc6 5.Nc3 Qc7 6.Be3 a6 7.Qd2 Nf6 8.O-O-O Bb4
9.f3 Ne5 10.Nb3 b5 11.Qe1 Bb7 12.Nxb5 axb5 13.Qxb4 Nc4 14.Bxc4 bxc4 15.Nd4 Ba6
16.Rhe1 Rb8 17.Qa3 Bc8 18.Bd2 d5 19.Nf5 Rg8 20.Nd6+ Kd7 21.exd5 Nxd5 22.Qa4+ Ke7
23.Bg5+ f6 24.Rxd5 fxg5 25.Qa3 Kf6 26.Ne4+ Kg6 27.Rxg5+ Kf7 28.Nd6+ Kf6 29.Rc5 Qd8
30.Qc3+ Ke7 31.Nxc8+ Rxc8 32.Qxc4 Rxc5 33.Qxc5+  1-0

[Event "Bundesliga 2005-6"]
[Site "Solingen GER"]
[Date "2006.02.19"]
[Round "11"]
[White "Hoffmann,Mi1"]
[Black "Rudolf,Hen"]
[Result "1-0"]
[WhiteElo "2462"]
[BlackElo "2346"]

1.e4 c5 2.Nf3 e6 3.d4 cxd4 4.Nxd4 Nc6 5.Nc3 Qc7 6.Be3 a6 7.Be2 Nf6 8.a3 Be7
9.f4 d6 10.g4 Nxd4 11.Qxd4 e5 12.Qd2 exf4 13.Bxf4 Bxg4 14.Bxg4 Nxg4 15.O-O-O Ne5
16.Nd5 Qc6 17.Qg2 Bf6 18.Bh6 Ng6 19.Nxf6+ gxf6 20.Bg7 Rg8 21.Bxf6 Kd7 22.Qh3+ Kc7
23.Qxh7 Rgf8 24.Rhf1 Qxe4 25.Bg7 Qe3+ 26.Kb1 Ne5 27.Bxf8 Rxf8 28.Rf6 Rd8
29.Qh6 Qb6 30.Qf4 Qc5 31.Qd4 Qxd4 32.Rxd4 Rh8 33.Rdxd6 Rxh2 34.Rd5 Re2 35.Rf5 Re1+
36.Ka2  1-0

[Event "TCh-CZE Extraliga 2005-6"]
[Site "Czech Rep CZE"]
[Date "2006.02.25"]
[Round "8"]
[White "Zezulkin,J"]
[Black "Vokoun,J"]
[Result "1-0"]
[WhiteElo "2479"]
[BlackElo "2294"]

1.e4 c5 2.Nc3 e6 3.Nf3 Nc6 4.d4 cxd4 5.Nxd4 Qb6 6.Ndb5 Bb4 7.Bf4 e5 8.Be3 Qa5
9.a3 Bxc3+ 10.Nxc3 Nge7 11.Qd6 O-O 12.O-O-O Qd8 13.h4 b6 14.h5 f6 15.h6 g6
16.Nb5 Rb8 17.Nxa7 Bb7 18.Nb5 Nd4 19.Nxd4 exd4 20.Bc4+ Kh8 21.Bxd4 Nc6 22.Bc3 Bc8
23.Qxc6  1-0

[Event "TCh-CZE Extraliga 2005-6"]
[Site "Czech Rep CZE"]
[Date "2006.02.25"]
[Round "8"]
[White "Berzinsh,R"]
[Black "Oral,T"]
[Result "1/2-1/2"]
[WhiteElo "2447"]
[BlackElo "2516"]

1.e4 c5 2.Nf3 Nc6 3.Nc3 e6 4.d4 cxd4 5.Nxd4 Qc7 6.Be3 a6 7.Be2 Nf6 8.a3 Be7
9.f4 d6 10.g4 Nxd4 11.Qxd4 e5 12.Qd2 Bxg4 13.Bxg4 Nxg4 14.Nd5 Bh4+ 15.Kd1 Qc6
16.Rg1 Nf6 17.Rxg7 Nxe4 18.Qd3 Nf6 19.c4 Nxd5 20.cxd5 Qb5 21.Qxb5+ axb5 22.fxe5 dxe5
23.Rc1 Bf6 24.Rg4 Rd8 25.Rc5 b4 26.a4 Be7 27.Rb5 f5 28.Rc4 Rg8 29.Rc7 f4
30.Ba7 f3 31.Ke1 Rg2 32.Bf2 Rxh2 33.Rbxb7 Bg5 34.Rg7 Rh1+ 35.Bg1 Rxg1+ 36.Kf2 Be3+
37.Kxe3 Rxg7 38.Rxg7 Rxd5 39.Kxf3 Rd2 40.Rxh7  1/2-1/2

[Event "It"]
[Site "Soller ESP"]
[Date "2006.02.25"]
[Round "9"]
[White "Berg,E"]
[Black "Campos Moreno,J"]
[Result "1-0"]
[WhiteElo "2540"]
[BlackElo "2473"]

1.e4 c5 2.Nf3 Nc6 3.d4 cxd4 4.Nxd4 e6 5.Nc3 d6 6.Be3 Nf6 7.f4 e5 8.Nf3 Ng4
9.Qd2 Nxe3 10.Qxe3 exf4 11.Qxf4 Be7 12.O-O-O O-O 13.Nd5 Be6 14.Kb1 Rc8 15.h4 Bxd5
16.exd5 Ne5 17.Nxe5 dxe5 18.Qe4 Qd6 19.g4 g6 20.g5 Rc5 21.c4 Rfc8 22.a3 a5
23.Rh2 a4 24.Rc2 Bf8 25.Bd3 Bg7 26.Rf1 R8c7 27.Rcf2 b5 28.cxb5 Rxd5 29.b6 Rd7
30.Bc4 Rd1+ 31.Rxd1 Qxd1+ 32.Ka2 Qd4 33.Qc6 e4 34.Bxf7+ Rxf7 35.b7 Qxf2 36.b8=Q+ Rf8
37.Qe6+ Kh8 38.Qb7 e3 39.Qee7 Rg8 40.Qb5 Qd2 41.Qeb4 Rd8 42.Q4xa4 e2 43.Qe8+ Bf8
44.Qe5+  1-0

[Event "TCh-CZE Extraliga 2005-6"]
[Site "Czech Rep CZE"]
[Date "2006.02.26"]
[Round "9"]
[White "Jakubiec,A"]
[Black "Hracek,Z"]
[Result "1/2-1/2"]
[WhiteElo "2485"]
[BlackElo "2595"]

1.e4 c5 2.Nf3 Nc6 3.Nc3 e6 4.d4 cxd4 5.Nxd4 a6 6.Nxc6 bxc6 7.Bd3 d5 8.O-O Nf6
9.b3 Be7 10.Bb2 O-O 11.Qe2 c5 12.Rad1 Bb7 13.Rfe1 Re8 14.Qf3 d4 15.Nb1 Nd7
16.Qh3 Ne5 17.Bf1 Ng6 18.Nd2 e5 19.Nc4 Bg5 20.g3 Re6 21.Qh5 Nf8 22.h4 Bf6
23.Bh3 Re8 24.Bc1 g6 25.Qe2 Ne6 26.a4 Bg7 27.Bg2 h5 28.Rf1 Qe7 29.Bd2 Ra7
30.Ba5 Bc6 31.Rfe1 Nf8 32.Qd2 Nd7 33.Qg5 Bf6 34.Qh6 Bg7 35.Qg5 Bf6 36.Qh6 Qe6  1/2-1/2

[Event "TCh-CZE Extraliga 2005-6"]
[Site "Czech Rep CZE"]
[Date "2006.02.26"]
[Round "9"]
[White "Londyn,R"]
[Black "Novak,Pa"]
[Result "0-1"]
[WhiteElo "2313"]
[BlackElo "2345"]

1.e4 c5 2.Nf3 Nc6 3.d4 cxd4 4.Nxd4 e6 5.Nc3 Qc7 6.Be3 a6 7.Qd2 Nf6 8.f3 Bb4
9.a3 Be7 10.g4 b5 11.g5 Nh5 12.O-O-O Na5 13.Qe1 Rb8 14.Bd3 Nf4 15.Qg3 Bd6
16.Qg4 Nxd3+ 17.Rxd3 Nc4 18.Nd5 exd5 19.exd5 O-O 20.Nf5 Ne5 21.Qd4 Nxd3+
22.Qxd3 Bf4 23.Rg1 Bxe3+ 24.Qxe3 d6 25.Ne7+ Kh8 26.Nc6 Bf5 27.Qf4 Bg6 28.h4 Qb6
29.Rh1 Qc5 30.Rh2 Qg1+ 31.Kd2 Rbe8  0-1

[Event "TCh-HUN 2005-6"]
[Site "Hungary HUN"]
[Date "2006.02.26"]
[Round "8"]
[White "Farkas,Ti"]
[Black "Dovzik,J"]
[Result "1/2-1/2"]
[WhiteElo "2334"]
[BlackElo "2422"]

1.e4 c5 2.Nf3 e6 3.Nc3 Nc6 4.d4 cxd4 5.Nxd4 Qc7 6.Be2 a6 7.O-O Nf6 8.Be3 Be7
9.f4 d6 10.Kh1 O-O 11.a4 Re8 12.Bf3 Bd7 13.Nb3 Nb4 14.a5  1/2-1/2

[Event "1st ONGC Cup"]
[Site "Hyderabad IND"]
[Date "2006.02.26"]
[Round "1"]
[White "Padmini,R"]
[Black "Ramakrishna,J"]
[Result "0-1"]
[WhiteElo "1937"]
[BlackElo "2264"]

1.e4 c5 2.Nf3 e6 3.d4 cxd4 4.Nxd4 Nc6 5.Nc3 Qc7 6.g3 a6 7.Bg2 b5 8.O-O Bb7
9.Re1 d6 10.a4 bxa4 11.Rxa4 Ne5 12.Qe2 Rc8 13.Bf1 Nf6 14.f4 Nc6 15.Nb3 Be7
16.Be3 O-O 17.h3 Rfe8 18.Qf2 Nb8 19.Rd1 Nbd7 20.Bd3 Nc5 21.Nxc5 dxc5 22.Rc4 Nd7
23.Na4 Qa5 24.b3 g6 25.Kh2 Bf8 26.Kg1 Qd8 27.Nxc5 Nxc5 28.Bxc5 Bxc5 29.Rxc5 Rxc5
30.Qxc5 Bxe4 31.Qe3 Bb7 32.Re1 e5 33.fxe5 Qd5 34.Qe4 Qxe4 35.Bxe4 Rxe5 36.Bxb7 Rxe1+
37.Kf2 Re6 38.c4 Rb6 39.Bc8 a5 40.c5 Rxb3 41.Bd7 Rc3 42.c6 a4 43.c7 a3  0-1

[Event "Breizh Masters"]
[Site "Guingamp FRA"]
[Date "2006.02.27"]
[Round "2"]
[White "Onkoud,A"]
[Black "Dourerassou,J"]
[Result "1-0"]
[WhiteElo "2391"]
[BlackElo "2354"]

1.e4 c5 2.Nf3 Nc6 3.Nc3 e6 4.d4 cxd4 5.Nxd4 Qc7 6.Be3 a6 7.Be2 b5 8.Nxc6 Qxc6
9.Bf3 Bb7 10.O-O Qc7 11.Re1 Bd6 12.h3 Ne7 13.Qd2 Bh2+ 14.Kh1 Be5 15.Rad1 Rd8
16.Bd4 Bxd4 17.Qxd4 O-O 18.a4 Nc6 19.Qd6 Qb6 20.axb5 axb5 21.Kg1 f6 22.Be2 Ba6
23.Ra1 Ra8 24.Red1 Rfd8 25.Nd5 exd5 26.exd5 Bb7 27.Rxa8 Rxa8 28.Bf3 h6 29.Bg4 Rd8
30.Bf3 Rc8 31.dxc6 Bxc6 32.Bg4 Qc7 33.Qd3 Qe5 34.b3 Kh8 35.Qg6 Be4 36.Qf7 f5
37.Qxd7 Ra8 38.Bh5 Qf4 39.Qe7 Kh7 40.h4 Ra2 41.Qe8 Ra6 42.Bf7  1-0

[Event "1st ONGC Cup"]
[Site "Hyderabad IND"]
[Date "2006.02.27"]
[Round "3"]
[White "Lahiri,A"]
[Black "Murshed,N"]
[Result "1/2-1/2"]
[WhiteElo "2317"]
[BlackElo "2460"]

1.e4 c5 2.Nf3 e6 3.d4 cxd4 4.Nxd4 Nc6 5.Nc3 Qc7 6.Be3 a6 7.Bd3 Nf6 8.O-O Bd6
9.f4 Nxd4 10.e5 Nc6 11.exf6 gxf6 12.Qg4 f5 13.Qg7 Rf8 14.Bxf5 Ne7 15.Bxh7 Bc5
16.Bxc5 Qxc5+ 17.Kh1 d5 18.f5 exf5 19.Rae1 Be6 20.Bxf5 Nxf5 21.Rxf5 O-O-O
22.Rf3 d4 23.Ne4 Qxc2 24.Nd6+ Kb8 25.Qxd4 Rg8 26.Rg3 Rxg3 27.hxg3 Qc7 28.Rd1 Bxa2
29.Kg1 Bb3 30.Rd3 Bc4 31.Rd2 Be6 32.b4 Qc6 33.Rd1 Bb3 34.Rd3 Bc4 35.Rd2 Be6
36.Rd1 Qc7 37.Rd2 Qc1+ 38.Rd1 Qc6 39.Rd2 Ka8 40.Rd1 Bb3 41.Rd2 Be6 42.Rd1 Bb3
43.Rd2 Qc1+ 44.Kf2 Bc4 45.Rd1 Qc2+ 46.Rd2 Qc1 47.Rd1  1/2-1/2

[Event "2nd ch-SCG"]
[Site "Pancevo SCG"]
[Date "2006.02.27"]
[Round "1"]
[White "Krivokapic,M"]
[Black "Kontic,D"]
[Result "1/2-1/2"]
[WhiteElo "2352"]
[BlackElo "2355"]

1.e4 c5 2.Nf3 e6 3.d4 cxd4 4.Nxd4 Nc6 5.Nc3 a6 6.Be2 Qc7 7.O-O Nf6 8.Kh1 h5
9.f4 Nxd4 10.Qxd4 Bc5 11.Qd3 Ng4 12.e5 d5 13.exd6 Qxd6 14.Ne4 Qxd3 15.Bxd3 Be7
16.Bd2 Bd7 17.Rae1 O-O-O 18.Ng5 Bb5 19.Nxf7 Bxd3 20.cxd3 Rxd3 21.Nxh8 Rxd2
22.f5 e5 23.Ng6 Bd8 24.Nxe5 Rxb2 25.a4 Rb4 26.Rc1+ Kb8 27.Rc4 Nf2+ 28.Kg1 Rxc4
29.Nxc4 Ne4 30.g3 Nc5 31.Rd1 Bf6 32.a5 Kc7 33.h3 Kc6 34.Kg2 Kb5 35.Rc1 Nb3
36.Nd6+ Kxa5 37.Nxb7+ Kb6 38.Rb1 Kxb7 39.Rxb3+ Kc6 40.Kf3 a5 41.g4 hxg4+
42.hxg4 a4 43.Rb8 Kc5 44.Ke4 a3 45.Ra8 Bb2 46.g5 Kc4 47.f6 gxf6 48.gxf6 Bxf6
49.Rxa3 Kc5  1/2-1/2

[Event "1st ONGC Cup"]
[Site "Hyderabad IND"]
[Date "2006.02.28"]
[Round "5"]
[White "Ganguly,S"]
[Black "Murshed,N"]
[Result "1-0"]
[WhiteElo "2579"]
[BlackElo "2460"]

1.e4 c5 2.Nf3 e6 3.d4 cxd4 4.Nxd4 Nc6 5.Nc3 Qc7 6.Be2 a6 7.O-O Nf6 8.Be3 Bb4
9.Na4 Be7 10.Nb6 Rb8 11.Nxc6 bxc6 12.Nxc8 Qxc8 13.e5 Nd5 14.Bc1 Bc5 15.c4 Ne7
16.b3 Qc7 17.Bb2 d6 18.exd6 Bxd6 19.h3 Be5 20.Bxe5 Qxe5 21.Re1 Qc5 22.Qd2 O-O
23.Rad1 Qb6 24.Qg5 Nf5 25.Bd3 h6 26.Qf4 Nd4 27.Bh7+ Kxh7 28.Rxd4 Qa5 29.Re2 Kg8
30.Qg3 Rb7 31.Rg4 g6 32.Rh4 Qd8 33.Re3 Kh7 34.Rd3 Qf6 35.Rhd4 c5 36.Rd6 Qa1+
37.Kh2 Qxa2 38.Qf3 Rbb8 39.Rxe6 Qa1 40.Rd7 Kg7 41.Qe4 Kh8 42.Rxg6  1-0